00665nam a22002291 450000100060000000300080000600500170001400800390003103500190007003500180008904000270010704100080013408200200014210000290016224500860019125000110027726000420028830000230033050400200035365000410037370000210041432832BD-RjUL20211209051913.0140428s1960 pk 001 0 eng a(BD-RjUL)32922 a(OCoLC)771199 aDLCcMWHdBD-RjULbeng aeng04a297.5bALS 19601 aAl-Ghazzali,d1058-1111.10aSome moral and religious teachings of al-Ghazzali /cAl-Ghazzali, Syed Nawab Ali. a3d ed. aLahore :bSh. Muhammad Ashraf,c1960. ax, 170p. ;c18 cm. aIncludes index. 0aIslamic ethicsxEarly works to 1800.1 aAli, Syed Nawab.